| 000 | 00784cai a22001815a 4500 | ||
|---|---|---|---|
| 001 | E147327 | ||
| 008 | 090429u xxk g s000 0 eng d | ||
| 035 | _a(Sirsi) u147327 | ||
| 041 | 0 | _aeng | |
| 110 | 2 |
_aScotland _bScottish Government _95344 |
|
| 245 | 0 | 0 |
_aePlanning Scotland _h[electronic resource] |
| 520 | _aWebsite produced by the Scottish Government which allows planning applications and appeals to be submitted online, and the progress of applications to be tracked. Also provides information on fees and general advice on the planning system. | ||
| 590 | _aKA | ||
| 651 | 4 |
_aScotland _y1999- |
|
| 690 |
_aPlanning and development _96259 |
||
| 856 | 4 | 0 |
_uhttps://eplanning.scotland.gov.uk/WAM/ _zView the website free of charge at www.eplanning.scotland.gov.uk... |
| 942 | _n0 | ||
| 999 |
_c120785 _d120785 |
||